LEADER 01186nam0 22003011i 450 001 SUN0015128 005 20110131120305.428 010 $a88-15-01797-6 020 $aIT$b91 1550 100 $a20040115d1988 |0itac50 ba 101 $aita 102 $aIT 105 $a|||| ||||| 200 1 $aˆLa ‰fiscalità industriale$estrategie fiscali e gruppi di società in Italia$fdi Giulio Tremonti$gcon i contributi di Carlo Gatto ... [et al.] 210 $aBologna$cIl mulino$d[1988] 215 $a225 p.$d22 cm. 606 $aGruppi industriali$xDiritto tributario$2FI$3SUNC007867 620 $dBologna$3SUNL000003 676 $a343.45067$v21 700 1$aTremonti$b, Giulio$3SUNV011002$089693 702 1$aGatto$b, Carlo$3SUNV045549 712 $aIl mulino$3SUNV000011$4650 801 $aIT$bSOL$c20181109$gRICA 912 $aSUN0015128 950 $aUFFICIO DI BIBLIOTECA DEL DIPARTIMENTO DI GIURISPRUDENZA$d00 CONS XIX.Em.72 $e00 6939 995 $aUFFICIO DI BIBLIOTECA DEL DIPARTIMENTO DI GIURISPRUDENZA$h6939$kCONS XIX.Em.72$op$qa 996 $aFiscalità industriale$9498387 997 $aUNICAMPANIA LEADER 01936nam1 22004573i 450 001 LO10327573 005 20251003044208.0 100 $a20200525g1987 ||||0itac50 ba 101 | $aita 102 $alu 181 1$6z01$ai $bxxxe 182 1$6z01$an 183 1$6z01$anc$2RDAcarrier 200 1 $aUnione europea$eraccolta dei trattati 210 $aLussemburgo$cUfficio delle pubblicazioni ufficiali delle Comunità europee 215 $a v.$d17 cm. 463 1$1001LO10332271$12000 $a1.1$v1.1 463 1$1001LO10384449$12000 $a1.1$v1.1 463 1$1001LO10384454$12000 $a1.2$v1.2 463 1$1001UR10002520$12001 $aAtti relativi alle adesioni alle Comunita europee del Regno di Danimarca, dell'Irlanda e del Regno Unito di Gran Bretagna e Irlanda del Nord, della Repubblica ellenica, del Regno di Spagna e della Repubblica portoghese$fComunita Europee$v2.1 606 $aUnione europea$xTrattati$2FIR$3LO1C048764$9I 676 $a341.242$9Diritto delle nazioni (Diritto internazionale) - Unione europea$v14 676 $a341.2422026$9UNIONE EUROPEA. Trattati e giurisprudenza$v22 696 $aTrattati internazionali 699 $aTrattati$yTrattati internazionali 710 02$aUnione europea$3LO1V022650$0361259 791 02$aUnión europea$3IEIV080055$zUnione europea 791 02$aUnion européenne$3TSAV321982$zUnione europea 791 02$aEuropean Union$3UBOV101187$zUnione europea 791 02$aUnión europea$3IEIV080055$zUnione europea 791 02$aUnion européenne$3TSAV321982$zUnione europea 791 02$aEuropean Union$3UBOV101187$zUnione europea 801 3$aIT$bIT-000000$c20200525 850 $aIT-BN0095 901 $bNAP 01$cGUERRAZZI $n$ 912 $aLO10327573 950 1$aBiblioteca Centralizzata di Ateneo$bv. 2$cv. 2$d 01GUERRAZZI D 0014 967 $m1 977 $a 01 996 $aUnione europea$91108734 997 $aUNISANNIO